[Event "LJEM M-V 2023 u16"]
[Site "Mirow"]
[Date "2023.02.05"]
[Round "3.9"]
[White "Stiller, Ben"]
[Black "Hampe, Florian"]
[Result "1/2-1/2"]
[WhiteElo "1142"]
[BlackElo "1092"]
[EventDate "2023.??.??"]
[PlyCount "118"]
[WhiteTeam "TSV Friedland 1814"]
[BlackTeam "Lok Gymnas Pritzwalk"]

1.d4 Nf6 2.c4 g6 3.Bf4 Bg7 4.e3 O-O 5.Nc3 d6 6.Bd3 Nbd7 7.Nf3 c5 8.d5 b6 
9.O-O Bb7 10.e4 Ne8 11.Ng5 Nc7 12.Qf3 f6 13.Ne6 Nxe6 14.dxe6 Ne5 15.Bxe5 
fxe5 16.Qh3 Rf6 17.Nd5 Bxd5 18.exd5 Rf4 19.Rfe1 Rd4 20.Re4 Qf8 21.Rf1 Qf6 
22.b3 Rf8 23.Rxd4 cxd4 24.f3 Qf4 25.Rf2 Qc1+ 26.Bf1 d3 27.Qg4 Rf4 28.Qg5 
d2 29.Rxd2 Qxd2 30.Qxe7 Rf8 31.Qxd6 Qd4+ 32.Kh1 Qc5 33.Qd7 Bf6 34.d6 Qc8 
35.Qxc8 Rxc8 36.d7 Rd8 37.g3 Kf8 38.Bh3 Ke7 39.f4 exf4 40.gxf4 Rf8 41.Bg4 
Bd4 42.f5 gxf5 43.Bf3 Rg8 44.h4 Rf8 45.Bd5 Rf6 46.a4 a5 47.Kg2 f4 48.Kf3 
h6 49.h5 Be3 50.Ke2 Rf5 51.Bf3 Re5 52.Bg4 Bc5+ 53.Kf3 Be3 54.Ke2 Rg5 55.
Kf3 Re5 56.Ke2 Bc5+ 57.Kf3 Re3+ 58.Kxf4 Rxb3 59.Kf5 Rg3 1/2-1/2

[Event "LJEM M-V 2023 u16"]
[Site "Mirow"]
[Date "2023.02.05"]
[Round "3.10"]
[White "Mochtak, Maximilian"]
[Black "Neumann, Julian"]
[Result "0-1"]
[WhiteElo "1042"]
[BlackElo "879"]
[EventDate "2023.??.??"]
[PlyCount "66"]
[WhiteTeam "TuS Makkabi Rostock"]
[BlackTeam "SV Grün-Weiß 90 Anklam"]

1.d4 e5 2.dxe5 Bc5 3.Nf3 d6 4.exd6 Ne7 5.dxe7 Bxf2+ 6.Kxf2 Qxd1 7.Nc3 Qxc2
8.Nd4 Qg6 9.Nd5 Qd6 10.e4 c6 11.Bf4 Qc5 12.Nc7+ Kxe7 13.Rd1 Rd8 14.Be3 Qe5
15.Nxa8 c5 16.Nf5+ Bxf5 17.Rxd8 Kxd8 18.exf5 Qxf5+ 19.Kg3 h6 20.Bc4 Qe4 
21.Rd1+ Kc8 22.Re1 Qxc4 23.Bf4 Nc6 24.b3 Qd3+ 25.Re3 Qg6+ 26.Kf2 Qf5 27.
Kg3 h5 28.Rf3 Nd4 29.Re3 Qg4+ 30.Kf2 Qxf4+ 31.Ke1 Qxe3+ 32.Kd1 Qe2+ 33.Kc1
Qc2# 0-1

[Event "LJEM M-V 2023 u16"]
[Site "Mirow"]
[Date "2023.02.06"]
[Round "4.1"]
[White "Walz, Fabian"]
[Black "Schulz, Bruno Andreas"]
[Result "0-1"]
[WhiteElo "1342"]
[BlackElo "1635"]
[EventDate "2023.??.??"]
[PlyCount "44"]
[WhiteTeam "SSC Rostock 07"]
[BlackTeam "TuS Makkabi Rostock"]

1.e4 c5 2.c3 d5 3.exd5 Qxd5 4.d4 Nc6 5.Nf3 Bg4 6.Be2 Nf6 7.Be3 cxd4 8.cxd4
e6 9.O-O Bb4 10.h3 Bh5 11.Nc3 Bxc3 12.bxc3 O-O 13.c4 Qd6 14.Qb3 Rab8 15.
Rac1 Bxf3 16.Bxf3 Nxd4 17.Bxd4 Qxd4 18.Rfd1 Qc5 19.Bxb7 Ne4 20.Qf3 Nxf2 
21.Qxf2 Qxf2+ 22.Kxf2 Rxb7 23.Rd2 Rfb8 24.c5 Rc7 25.c6 Rbc8 26.Rcd1 Kf8 
27.Rd8+ Rxd8 28.Rxd8+ Ke7 29.Rh8 h6 30.Rg8 Kf6 31.Ra8 Ke5 32.Ke3 Kd5 33.
Kf4 Kxc6 34.Ke5 Kd7 35.Rg8 Rc5+ 36.Ke4 g6 37.Rb8 Kd6 38.Rd8+ Ke7 39.Rb8 
Kf6 40.Rb2 Ra5 41.g3 Ra3 42.Rf2+ Ke7 43.Kf4 f5 0-1

[Event "LJEM M-V 2023 u16"]
[Site "Mirow"]
[Date "2023.02.06"]
[Round "4.2"]
[White "Stepanjan, Marianne"]
[Black "Schott, Andy"]
[Result "0-1"]
[WhiteElo "1515"]
[BlackElo "1593"]
[Time "08:30:00"]
[WhiteTeam "ESV 1888 Wittenberge"]
[BlackTeam "SG Güstrow/Teterow"]

1.e4 c5 2.Nf3 d6 3.d4 cxd4 4.Nxd4 Nf6 5.Nc3 a6 6.Bc4 Nbd7 7.O-O e6 8.a4 
Qc7 9.Ba2 Be7 10.f4 b6 11.Bxe6 fxe6 12.Nxe6 Qc6 13.Nxg7+ Kf7 14.Nf5 Bb7 
15.Nd5 Bf8 16.Nd4 Qc5 17.Nxf6 Nxf6 18.e5 dxe5 19.fxe5 Qxe5 20.c3 Bd6 21.
Bf4 Qd5 22.Qd2 Rhg8 23.Bg5 Rg6 24.Rf2 Rag8 25.Nf3 Qc6 26.Rd1 Ne4 27.Ne5+ 
Ke8 28.Qf4 Qc7 29.Qf7+ Qxf7 30.Rxf7 Bc5+ 31.Kf1 Rxg5 32.Rxb7 Rxe5 33.Rb8+ 
Kf7 34.Rd7+ Re7 35.Rxe7+ Bxe7 36.Rxb6 Rg6 37.Rb7 Nc5 38.Rb4 Nd3 39.Rb7 
Rf6+ 40.Ke2 Nf4+ 41.Kf3 Nd5+ 42.Ke4 Rb6 43.Ra7 Nf6+ 44.Kf3 Rxb2 45.Rxa6 
Rb3 46.Rc6 Ra3 47.Rc4 Nd5 48.Ke4 Nxc3+ 49.Kf5 Nxa4 50.h4 Nb6 51.Rd4 Ra5+ 
52.Kg4 Ra4 53.Rxa4 Nxa4 54.Kh5 Bf8 55.g4 Kf6 56.g5+ Kf5 0-1

[Event "LJEM M-V 2023 u16"]
[Site "Mirow"]
[Date "2023.02.06"]
[Round "4.3"]
[White "Thormählen, Tjark"]
[Black "Wiechhusen, Laurin-Elias"]
[Result "1/2-1/2"]
[WhiteElo "1332"]
[BlackElo "1614"]
[Time "08:30:00"]
[WhiteTeam "SG Güstrow/Teterow"]
[BlackTeam "SF Schwerin"]

1.e4 c5 2.Nc3 a6 3.f4 Nc6 4.Nf3 e6 5.d3 d5 6.Bd2 Nf6 7.e5 Nd7 8.g3 f6 9.
exf6 Nxf6 10.Bg2 Bd6 11.O-O Qb6 12.Na4 Qc7 13.Re1 b5 14.Nc3 b4 15.Na4 Bd7 
16.c4 bxc3 17.bxc3 O-O 18.d4 Ne4 19.Ne5 Nxd2 20.Qxd2 Bxe5 21.fxe5 Nxd4 22.
Nxc5 Nf3+ 23.Bxf3 Qxc5+ 24.Qe3 Qxe3+ 25.Rxe3 Rab8 26.c4 dxc4 27.Rc3 Rb2 
28.Bg4 Rff2 29.Rd1 Rg2+ 30.Kf1 Rbf2+ 31.Ke1 Rxa2 32.Rf3 Rg1+ 33.Rf1 Rxf1+ 
34.Kxf1 c3 35.Rc1 c2 36.Ke1 Rb2 37.Kd2 Ba4 38.Bxe6+ Kf8 39.Bf5 Rb1 40.Rxb1
cxb1=Q 41.Bxb1 g6 42.Kc3 Ke7 43.Ba2 Bd7 44.Kb4 Be6 45.Bb1 Bd5 46.Bd3 Ke6 
47.Bxa6 Kxe5 48.Bd3 Kd4 49.Bc2 Be4 50.Bd1 Ke3 51.Kc5 Kf2 52.Kd4 Bf5 53.g4 
Bc8 54.Ke5 Kg2 55.Kf6 Kxh2 56.Kg7 Kg3 57.Kxh7 g5 58.Kg6 Kh4 59.Kf6 Bxg4 
60.Bc2 Bf3 61.Bf5 Bg4 62.Be4 Be2 63.Bf5 Bb5 64.Ke5 Kg3 65.Ke4 Be8 66.Ke3 
Bh5 67.Ke4 Bg4 68.Bg6 Bf3+ 69.Ke3 Bd1 70.Bf5 Kh4 71.Kf2 Bg4 72.Be4 Kh3 73.
Bg2+ Kh2 74.Be4 Bh3 75.Bf3 Bf5 76.Be2 Kh3 77.Bd1 Bg4 78.Bc2 Kh2 79.Bd3 Kh3
80.Bf1+ Kh4 81.Bd3 Bd7 82.Be2 Bg4 83.Bd3 Kh5 84.Bf1 Kg6 85.Bd3+ Kf6 86.Kg3
Bf5 87.Be2 Ke5 88.Bf3 Kd4 89.Bg4 Be4 90.Bh5 Ke5 91.Bd1 Kf5 92.Be2 Bc2 93.
Bh5 Kf6 94.Bf3 Bb3 95.Be2 Be6 96.Bf3 Bf5 97.Be2 Be6 98.Bf3 Bf7 99.Be2 Kg6 
100.Bg4 Kh6 101.Be2 Bh5 102.Bd3 Kg7 103.Bf5 Kf6 104.Bh3 Ke5 105.Bc8 Bg6 
106.Bg4 Bf5 107.Bf3 Bg6 108.Kg4 Kf6 109.Kg3 Kf5 110.Be4+ Kxe4 111.Kg4 Bh5+
112.Kxg5 1/2-1/2

[Event "LJEM M-V 2023 u16"]
[Site "Mirow"]
[Date "2023.02.06"]
[Round "4.4"]
[White "Krause, Enrico"]
[Black "Janssen, Joris Frederik"]
[Result "1/2-1/2"]
[WhiteElo "1468"]
[BlackElo "1607"]
[Time "08:30:00"]
[WhiteTeam "Think Rochade - SC HRO"]
[BlackTeam "TuS Makkabi Rostock"]

1.c4 Nf6 2.d4 g6 3.Nc3 Bg7 4.e4 d6 5.Bd3 O-O 6.Nge2 Nbd7 7.O-O c5 8.d5 Ne5
9.a3 a6 10.b4 cxb4 11.axb4 Qc7 12.Nb5 Qb8 13.Nbd4 Bd7 14.f4 Nxd3 15.Qxd3 
Qc7 16.Bd2 Rac8 17.Rac1 Qb8 18.Ng3 Qa7 19.Kh1 Nxe4 20.Be3 Nxg3+ 21.hxg3 
Qb8 22.c5 Bxd4 23.Bxd4 Bb5 24.Qc3 Bxf1 25.Rxf1 dxc5 26.bxc5 f6 27.Qe3 Rf7 
28.g4 Rd8 29.Qe6 Qc7 30.g5 Qd7 31.gxf6 exf6 32.Qxd7 Rdxd7 33.d6 Rf8 34.f5 
g5 35.Re1 Kg7 36.g4 h5 37.gxh5 Rh8 38.Re6 Rxh5+ 39.Kg2 Rf7 40.Bxf6+ Rxf6 
41.d7 Rh8 42.Re8 Rff8 43.d8=Q Rxe8 44.Qxg5+ Kf7 45.Qg6+ Ke7 46.Qd6+ Kf7 
47.Qg6+ 1/2-1/2

[Event "LJEM M-V 2023 u16"]
[Site "Mirow"]
[Date "2023.02.06"]
[Round "4.5"]
[White "Lippitz, Jaden"]
[Black "Lesyuk, Avhustyn"]
[Result "1-0"]
[WhiteElo "1481"]
[BlackElo "1028"]
[Time "08:30:00"]
[WhiteTeam "SG Güstrow/Teterow"]
[BlackTeam "TuS Makkabi Rostock"]

1.e4 e5 2.Nf3 Nc6 3.Bc4 Bc5 4.c3 Nf6 5.d4 exd4 6.e5 Ng4 7.cxd4 Bb4+ 8.Nc3 
O-O 9.h3 Nh6 10.Bxh6 gxh6 11.Qd2 Kg7 12.a3 d5 13.Ba2 Bxc3 14.bxc3 Bf5 15.
Nh2 f6 16.Ng4 Bxg4 17.hxg4 Rf7 18.Qxh6+ Kg8 19.exf6 Qd7 20.g5 Re8+ 21.Kf1 
Na5 22.g6 Rxf6 23.Bxd5+ Qxd5 24.Qxh7+ Kf8 25.g7+ Kf7 26.g8=Q# 1-0

[Event "LJEM M-V 2023 u16"]
[Site "Mirow"]
[Date "2023.02.06"]
[Round "4.6"]
[White "Vollmer, Willem Maarten"]
[Black "Asmussen, Johann"]
[Result "0-1"]
[WhiteElo "1331"]
[BlackElo "1222"]
[Time "08:30:00"]
[WhiteTeam "SF Schwerin"]
[BlackTeam "HSG Stralsund"]

1.e4 e5 2.Bc4 Nf6 3.d3 Nc6 4.Nc3 Bb4 5.a3 Ba5 6.b4 Bb6 7.Na4 d6 8.Nxb6 
axb6 9.b5 Ne7 10.Bb2 O-O 11.Ne2 Ng6 12.O-O Ng4 13.h3 Nh6 14.Qd2 Nh4 15.Ng3
Bxh3 16.f4 Bxg2 17.Rf2 Nf3+ 18.Rxf3 Bxf3 19.f5 Qh4 20.Qf2 Bh5 21.Kg2 Ng4 
22.Rh1 Qxh1+ 23.Nxh1 Nxf2 24.Nxf2 Kh8 25.Nh1 f6 26.Bd5 Ra7 27.Ba2 Bf7 28.
Bb1 g5 29.Kg3 h5 30.Nf2 Kg7 31.Kh3 Rh8 32.c3 h4 33.Bc2 Raa8 34.c4 Rag8 35.
Bd1 Bh5 36.Ng4 Bxg4+ 37.Bxg4 Kf7 38.Bc1 Ke7 39.a4 c6 40.Bb2 Ra8 41.Bd1 
cxb5 42.cxb5 Ra7 43.d4 Rha8 44.d5 Rg8 45.Bg4 Rc8 0-1

[Event "LJEM M-V 2023 u16"]
[Site "Mirow"]
[Date "2023.02.06"]
[Round "4.7"]
[White "Willam, Max Bastian"]
[Black "Sens, Gerda"]
[Result "1-0"]
[WhiteElo "1298"]
[BlackElo "1270"]
[Time "08:30:00"]
[WhiteTeam "SSC Rostock 07"]
[BlackTeam "SSC Rostock 07"]

1.e4 e5 2.Nf3 Nc6 3.Bc4 Bc5 4.d3 Nf6 5.Be3 Bb6 6.O-O d6 7.Nbd2 Bg4 8.Re1 
O-O 9.c3 Re8 10.Qb3 Be6 11.Bxb6 axb6 12.Ng5 d5 13.exd5 Nxd5 14.Nxe6 fxe6 
15.Nf3 Qd6 16.a3 Nf4 17.Rad1 Rad8 18.d4 exd4 19.Nxd4 Na5 20.Nxe6 Nxe6 21.
Rxd6 Nxb3 22.Rxd8 Rxd8 23.Bxe6+ Kf8 24.Bxb3 Rd2 25.Rb1 c5 26.Kf1 Ke7 27.
Re1+ Kf6 28.Rb1 Ke5 29.g3 Ke4 30.Ke1 Kd3 31.Rd1 Rxd1+ 32.Kxd1 b5 33.Bc2+ 
Kc4 34.Bxh7 1-0

[Event "LJEM M-V 2023 u16"]
[Site "Mirow"]
[Date "2023.02.06"]
[Round "4.8"]
[White "Hampe, Florian"]
[Black "Gorski, Paul Peter"]
[Result "0-1"]
[WhiteElo "1092"]
[BlackElo "1261"]
[Time "08:30:00"]
[WhiteTeam "Lok Gymnas Pritzwalk"]
[BlackTeam "Think Rochade - SC HRO"]

1.d4 Nf6 2.c4 g6 3.Nc3 Bg7 4.e4 d6 5.Bg5 Nbd7 6.Nf3 e5 7.d5 h6 8.Bh4 a5 9.
Be2 Nc5 10.Nd2 O-O 11.O-O g5 12.Bg3 Nh7 13.f3 f5 14.Na4 Nxa4 15.Qxa4 Bd7 
16.Qc2 f4 17.Bf2 b6 18.Rab1 h5 19.Be1 g4 20.b3 Qg5 21.Kh1 g3 22.h3 Qh4 23.
Bxg3 fxg3 24.f4 Bxh3 25.Nf3 Bxg2+ 26.Kxg2 Qe7 27.Rh1 Rxf4 28.Kxg3 Ng5 29.
Rbg1 Nxf3 30.Bxf3 Raf8 31.Qe2 Qg5+ 0-1

[Event "LJEM M-V 2023 u16"]
[Site "Mirow"]
[Date "2023.02.06"]
[Round "4.9"]
[White "Neumann, Julian"]
[Black "Stiller, Ben"]
[Result "1-0"]
[WhiteElo "879"]
[BlackElo "1142"]
[Time "08:30:00"]
[WhiteTeam "SV Grün-Weiß 90 Anklam"]
[BlackTeam "TSV Friedland 1814"]

1.d4 d5 2.c4 e6 3.Nc3 Nf6 4.Bg5 Be7 5.e3 Nbd7 6.Bd3 a6 7.cxd5 Nxd5 8.Bxe7 
Nxe7 9.Nf3 O-O 10.O-O b5 11.Re1 Bb7 12.a3 c5 13.b4 c4 14.Bc2 Bc6 15.Ne5 
Nxe5 16.dxe5 Qxd1 17.Raxd1 a5 18.f3 Rfd8 19.Kf2 Nd5 20.Nxd5 Rxd5 21.Rxd5 
exd5 22.Rd1 axb4 23.axb4 Ra2 24.Rd2 c3 25.Re2 f6 26.exf6 gxf6 27.e4 d4 28.
e5 fxe5 29.Bb3+ Kg7 30.Bxa2 d3 31.Bb3 Bd5 32.Bd1 dxe2 33.Kxe2 e4 34.Bc2 
Bc4+ 35.Ke3 exf3 36.Kxf3 Kf6 37.Ke3 Ke5 38.h4 h6 39.g4 Kd5 40.g5 h5 41.g6 
Ke6 42.Kd4 Kf6 43.Kxc3 Ke5 44.Bd3 Bxd3 45.Kxd3 Kf6 46.Kd4 Kxg6 47.Kc5 Kf5 
48.Kxb5 Kg4 49.Kc5 Kxh4 50.b5 Kg3 51.b6 h4 52.b7 Kg2 53.b8=Q h3 54.Qb2+ 
Kg1 55.Qc1+ Kg2 56.Qd2+ Kg3 57.Qe1+ Kg2 58.Qe2+ Kg3 59.Qf1 h2 60.Qh1 Kh3 
61.Kd4 Kg3 62.Ke3 Kh3 63.Kf4 Kh4 64.Qxh2# 1-0

[Event "LJEM M-V 2023 u16"]
[Site "Mirow"]
[Date "2023.02.06"]
[Round "4.10"]
[White "Karff, Tom"]
[Black "Mochtak, Maximilian"]
[Result "1/2-1/2"]
[WhiteElo "1353"]
[BlackElo "1042"]
[Time "08:30:00"]
[WhiteTeam "SG Güstrow/Teterow"]
[BlackTeam "TuS Makkabi Rostock"]

1.e4 c5 2.Nf3 a6 3.d4 cxd4 4.Nxd4 Nf6 5.Nc3 e5 6.Nb3 Bb4 7.Qd3 Bxc3+ 8.
Qxc3 Nc6 9.f3 O-O 10.Bg5 Nxe4 11.Qxc6 Nxg5 12.Qd5 Qc7 13.O-O-O Rd8 14.f4 
Ne6 15.Qxe5 d6 16.Qe4 Nc5 17.Nxc5 Qxc5 18.Bd3 g6 19.Qc4 Qxc4 20.Bxc4 b5 
21.Be2 Bb7 22.Rhg1 Rac8 23.g3 d5 24.Bf3 a5 25.Rd4 1/2-1/2

[Event "LJEM M-V 2023 u16"]
[Site "Mirow"]
[Date "2023.02.07"]
[Round "5.1"]
[White "Schulz, Bruno Andreas"]
[Black "Schott, Andy"]
[Result "1/2-1/2"]
[WhiteElo "1635"]
[BlackElo "1593"]
[Time "08:30:00"]
[WhiteTeam "TuS Makkabi Rostock"]
[BlackTeam "SG Güstrow/Teterow"]

1.d4 Nf6 2.c4 e6 3.Nf3 Bb4+ 4.Nc3 c5 5.e3 Ne4 6.Bd2 Nxd2 7.Qxd2 Qf6 8.h3 
Nc6 9.Rc1 b6 10.Be2 Bb7 11.O-O O-O 12.Bd3 Kh8 13.Bb1 cxd4 14.exd4 Rac8 15.
Rfe1 Rfd8 16.Re4 Na5 17.d5 g6 18.Rf4 Qg7 19.Ng5 f6 20.Nge4 Nxc4 21.Qe2 f5 
22.Ng5 exd5 23.Rh4 Kg8 24.Nxd5 Bxd5 25.Rhxc4 Bxc4 26.Rxc4 Bc5 27.Rh4 h6 
28.Nf3 d5 29.a3 Re8 30.Qd2 Rcd8 31.Rxh6 Be7 32.Ba2 Bf6 33.Kh1 g5 34.Rh5 
Kf8 35.Nxg5 Bxg5 36.Rxg5 Re1+ 37.Kh2 Qe5+ 38.f4 Qe4 39.Qf2 Rd7 40.Qg3 Qe3 
41.Rxf5+ Rf7 42.Rxf7+ Kxf7 43.Qxe3 Rxe3 44.Bxd5+ Kf6 45.b3 Kf5 46.g3 Re2+ 
47.Kg1 b5 48.a4 b4 49.Bc4 Rd2 50.Kf1 Ke4 51.Ke1 Rh2 52.Be6 Kf3 53.f5 Rxh3 
54.Kd2 Ke4 55.f6 Rh2+ 56.Kc1 Rf2 57.f7 Ke5 58.Bc4 Kd6 59.g4 Ke7 60.g5 Rg2 
61.g6 Rxg6 62.Kd2 Rg3 63.Ke2 a5 64.Kd2 Rc3 65.Bd5 Rg3 66.Bc4 Rf3 67.Bd5 
Rc3 68.Be6 Rc6 69.Bc4 Rxc4 70.f8=Q+ Kxf8 71.bxc4 Ke7 72.Ke3 Ke6 73.Ke4 Kd6
74.Kd4 Kc6 75.Ke4 Kc5 76.Kd3 Kd6 77.Kd4 Kc6 78.Ke4 Kc5 79.Kd3 1/2-1/2

[Event "LJEM M-V 2023 u16"]
[Site "Mirow"]
[Date "2023.02.07"]
[Round "5.2"]
[White "Lippitz, Jaden"]
[Black "Walz, Fabian"]
[Result "1/2-1/2"]
[WhiteElo "1481"]
[BlackElo "1342"]
[Time "08:30:00"]
[WhiteTeam "SG Güstrow/Teterow"]
[BlackTeam "SSC Rostock 07"]

1.c4 Nf6 2.Nc3 g6 3.d4 Bg7 4.e4 d6 5.f3 O-O 6.Be3 e5 7.d5 a5 8.Qd2 Na6 9.
g4 Nd7 10.h4 f6 11.Bh6 Qe7 12.O-O-O Ndc5 13.Bh3 Nb4 14.Kb1 Bxh6 15.Qxh6 a4
16.a3 Nbd3 17.Qe3 Nf4 18.Nge2 Nxe2 19.Nxe2 Bd7 20.h5 g5 21.Nc3 Rfb8 22.Bf1
Qe8 23.Kc2 Nb3 24.Rb1 1/2-1/2

[Event "LJEM M-V 2023 u16"]
[Site "Mirow"]
[Date "2023.02.07"]
[Round "5.3"]
[White "Janssen, Joris Frederik"]
[Black "Thormählen, Tjark"]
[Result "1/2-1/2"]
[WhiteElo "1607"]
[BlackElo "1332"]
[Time "08:30:00"]
[WhiteTeam "TuS Makkabi Rostock"]
[BlackTeam "SG Güstrow/Teterow"]

1.d4 Nf6 2.Bf4 e6 3.e3 c5 4.c3 d5 5.Be2 Nc6 6.Nf3 Be7 7.O-O O-O 8.h3 c4 9.
Nbd2 b5 10.Ne5 Nxe5 11.Bxe5 a5 12.Qc2 Qb6 13.a3 Bb7 14.Bh2 Rfd8 15.f4 Ne4 
16.Nxe4 dxe4 17.f5 exf5 18.Rxf5 g6 19.Rf2 f5 20.g4 fxg4 21.Bxg4 Rf8 22.
Raf1 Bg5 23.Rxf8+ Rxf8 24.Rxf8+ Kxf8 25.Qf2+ Kg7 26.Be5+ Bf6 27.Bxf6+ Qxf6
28.Qxf6+ Kxf6 29.Bd7 Ba6 30.Kf2 h6 31.h4 g5 32.hxg5+ hxg5 33.Kg3 Kg6 34.
Kh3 Kf6 35.Kg4 Bb7 36.Bxb5 Bd5 37.Kg3 Kf5 38.Bd7+ Kg6 39.Kg4 Kf6 40.Bc8 
Bc6 41.Bf5 Bd5 42.Bd7 Bb7 43.Bb5 Bd5 44.Kg3 Kg6 45.Ba4 Kf5 46.Kh3 Kg6 47.
Bd1 Kf6 48.Bh5 Kg7 49.Kg3 Kf6 50.Bg4 Ke7 51.Bf5 Kf6 52.Kg4 Bc6 53.a4 Bd5 
54.Bc8 Bc6 55.Bf5 Bd5 56.Bd7 Bb7 57.Kg3 Bd5 58.Kg4 Bb7 59.Kh5 Bd5 1/2-1/2

[Event "LJEM M-V 2023 u16"]
[Site "Mirow"]
[Date "2023.02.07"]
[Round "5.4"]
[White "Asmussen, Johann"]
[Black "Krause, Enrico"]
[Result "0-1"]
[WhiteElo "1222"]
[BlackElo "1468"]
[Time "08:30:00"]
[WhiteTeam "HSG Stralsund"]
[BlackTeam "Think Rochade - SC HRO"]

1.e4 c6 2.d4 d5 3.e5 c5 4.dxc5 e6 5.Be3 Nd7 6.Bb5 Qc7 7.Nf3 Bxc5 8.Bxc5 
Qxc5 9.Nc3 Ne7 10.O-O O-O 11.Re1 a6 12.Bd3 b5 13.Ng5 g6 14.Re3 h6 15.Nf3 
Bb7 16.Re2 Rac8 17.Qd2 Kg7 18.a4 Qb4 19.Nd1 Qc5 20.axb5 axb5 21.Ne3 h5 22.
c3 Ra8 23.Rxa8 Rxa8 24.Nc2 Nc6 25.Ncd4 Nxd4 26.Nxd4 Bc6 27.h3 Ra2 28.Qg5 
Nf8 29.Qf6+ Kg8 30.Qd8 Ra1+ 31.Kh2 Kg7 32.Qd6 Qxd6 33.exd6 Ra6 34.Bxb5 
Bxb5 35.Nxb5 Rb6 36.Nc7 Kh6 37.Ne8 Rb8 38.Nc7 Rb6 39.Ne8 Nd7 40.Kg3 Kg5 
41.f4+ Kf5 42.h4 Rc6 43.Kf3 Rc4 44.g3 Ra4 45.b4 Ra3 46.Re3 e5 47.Ng7+ Kf6 
48.Ne8+ Kf5 49.Nc7 e4+ 50.Kf2 Nb6 51.Nb5 Ra2+ 52.Re2 Rxe2+ 53.Kxe2 Ke6 54.
Ke3 Nc4+ 55.Ke2 Nxd6 56.Nd4+ Kd7 57.Kd2 Nf5 58.Nxf5 gxf5 59.Ke3 Kc6 60.Kd2
Kb5 61.Ke3 Kc4 62.Kd2 d4 63.cxd4 Kxb4 64.Ke3 Kc4 65.g4 fxg4 66.Kxe4 f6 67.
f5 Kb5 68.Kf4 Kc6 69.Ke4 Kd6 70.Ke3 Kd5 71.Kf2 Kxd4 72.Kg3 Ke4 73.Kf2 Kxf5
74.Kg3 Ke4 75.Kf2 Kf4 76.Kg2 Ke3 77.Kf1 Kf3 78.Kg1 Ke2 79.Kg2 f5 80.Kg1 f4
81.Kg2 f3+ 82.Kg1 f2+ 83.Kg2 f1=Q+ 84.Kh2 g3+ 85.Kxg3 Qf3+ 86.Kh2 Qg4 87.
Kh1 Kf2 88.Kh2 Qg2# 0-1

[Event "LJEM M-V 2023 u16"]
[Site "Mirow"]
[Date "2023.02.07"]
[Round "5.5"]
[White "Wiechhusen, Laurin-Elias"]
[Black "Stepanjan, Marianne"]
[Result "1/2-1/2"]
[WhiteElo "1614"]
[BlackElo "1515"]
[Time "08:30:00"]
[WhiteTeam "SF Schwerin"]
[BlackTeam "ESV 1888 Wittenberge"]

1.Nf3 c5 2.c4 Nf6 3.g3 Nc6 4.Bg2 d5 5.O-O e5 6.cxd5 Nxd5 7.Qb3 e4 8.Ne1 
Nd4 9.Qd1 Bf5 10.d3 Nf6 11.dxe4 Bxe4 12.Bxe4 Nxe4 13.Bf4 Be7 14.e3 Nc6 15.
Qc2 Nf6 16.Nc3 O-O 17.Rd1 Qc8 18.Nf3 Qg4 19.Kg2 Rfd8 20.h3 Qc8 21.Rxd8+ 
Qxd8 22.Rd1 Qf8 23.e4 Nb4 24.Qb3 Qc8 25.a3 c4 26.Qa4 Nd3 27.Qc2 Bc5 28.Rd2
Qe8 29.e5 Nh5 30.Ne4 Nhxf4+ 31.gxf4 Nxf4+ 32.Kg3 Ne6 33.Nxc5 Nxc5 34.Qxc4 
Rc8 35.Rc2 Qc6 36.Kg2 Ne6 37.Qxc6 Rxc6 38.Rxc6 bxc6 39.Nd2 Kf8 40.Kg3 Ke7 
41.f4 f6 42.exf6+ 1/2-1/2

[Event "LJEM M-V 2023 u16"]
[Site "Mirow"]
[Date "2023.02.07"]
[Round "5.6"]
[White "Lesyuk, Avhustyn"]
[Black "Willam, Max Bastian"]
[Result "1/2-1/2"]
[WhiteElo "1028"]
[BlackElo "1298"]
[Time "08:30:00"]
[WhiteTeam "TuS Makkabi Rostock"]
[BlackTeam "SSC Rostock 07"]

1.d4 e5 2.dxe5 Nc6 3.Nf3 Qe7 4.Nc3 Nxe5 5.Nxe5 Qxe5 6.e3 Bb4 7.Bd2 Nf6 8.
Bc4 Ne4 9.Nxe4 Qxe4 10.Bxb4 Qxc4 11.Bc3 O-O 12.Qd4 Qxd4 13.Bxd4 d5 14.
O-O-O Bf5 15.Rhe1 b5 16.f3 a5 17.e4 dxe4 18.fxe4 Bg4 19.Rd3 Be6 20.Kb1 
Rfc8 21.Bc5 b4 22.Red1 h6 23.Be7 c6 24.Rd8+ Rxd8 25.Rxd8+ Rxd8 26.Bxd8 a4 
27.b3 axb3 28.cxb3 Bg4 29.Be7 Be2 30.Bxb4 Bd3+ 31.Kb2 Bxe4 32.g3 Kh7 33.a4
Kg6 34.Kc3 Kg5 35.Kd4 Bd5 36.Bf8 Bxb3 1/2-1/2

[Event "LJEM M-V 2023 u16"]
[Site "Mirow"]
[Date "2023.02.07"]
[Round "5.7"]
[White "Gorski, Paul Peter"]
[Black "Neumann, Julian"]
[Result "1-0"]
[WhiteElo "1261"]
[BlackElo "879"]
[Time "08:30:00"]
[WhiteTeam "Think Rochade - SC HRO"]
[BlackTeam "SV Grün-Weiß 90 Anklam"]

1.e4 e5 2.Nf3 Nf6 3.Nxe5 Nc6 4.Nxc6 dxc6 5.d3 Bc5 6.Be2 O-O 7.O-O b5 8.Bg5
h6 9.Bh4 Qd4 10.c3 Qd7 11.Bxf6 gxf6 12.d4 Bb6 13.Qd2 Kh7 14.Bd3 Rg8 15.e5+
Kg7 16.exf6+ Kxf6 17.Qxh6+ Ke7 18.Re1+ Kd8 19.Qh4+ Rg5 20.Qxg5+ f6 21.
Qxf6+ Qe7 22.Qxe7# 1-0

[Event "LJEM M-V 2023 u16"]
[Site "Mirow"]
[Date "2023.02.07"]
[Round "5.8"]
[White "Sens, Gerda"]
[Black "Hampe, Florian"]
[Result "1-0"]
[WhiteElo "1270"]
[BlackElo "1092"]
[Time "08:30:00"]
[WhiteTeam "SSC Rostock 07"]
[BlackTeam "Lok Gymnas Pritzwalk"]

1.e4 c5 2.Nc3 e6 3.Bc4 d6 4.Nf3 Nf6 5.O-O Be7 6.d3 O-O 7.Be3 d5 8.Bb3 d4 
9.Bf4 dxc3 10.bxc3 Nc6 11.Re1 Na5 12.c4 Nxb3 13.cxb3 b6 14.e5 Nd7 15.d4 
cxd4 16.Nxd4 Bb7 17.Qg4 Nc5 18.Bh6 g6 19.Bxf8 Qxf8 20.Rad1 Qc8 21.Nf3 Qc7 
22.Qf4 Qc6 23.Rd4 Rd8 24.Red1 Rxd4 25.Rxd4 Ne4 26.Kf1 Bc5 27.Rd8+ Bf8 28.
Nd4 Nd2+ 29.Qxd2 Qxg2+ 30.Ke2 Qe4+ 31.Qe3 Qg4+ 32.Kd2 Qh4 33.Rb8 Qxh2 34.
Kd3 Qh1 35.f3 Qd1+ 36.Kc3 Qa1+ 37.Kd2 Qxa2+ 38.Nc2 Ba6 39.Qh6 1-0

[Event "LJEM M-V 2023 u16"]
[Site "Mirow"]
[Date "2023.02.07"]
[Round "5.9"]
[White "Karff, Tom"]
[Black "Vollmer, Willem Maarten"]
[Result "1/2-1/2"]
[WhiteElo "1353"]
[BlackElo "1331"]
[Time "08:30:00"]
[WhiteTeam "SG Güstrow/Teterow"]
[BlackTeam "SF Schwerin"]

1.e4 e5 2.Nf3 Nc6 3.Bc4 Bc5 4.d3 Na5 5.Bb3 Nxb3 6.axb3 f6 7.Nc3 Ne7 8.Na4 
Bd6 9.Be3 O-O 10.O-O b6 11.Nd2 Ng6 12.Nc3 Bb7 13.Ne2 c5 14.Nc4 Bc7 15.f4 
exf4 16.Nxf4 Qb8 17.g3 Nxf4 18.Bxf4 Bxf4 19.Rxf4 d5 20.exd5 Bxd5 21.Qg4 
Qc7 22.Ne3 1/2-1/2

[Event "LJEM M-V 2023 u16"]
[Site "Mirow"]
[Date "2023.02.07"]
[Round "5.10"]
[White "Stiller, Ben"]
[Black "Mochtak, Maximilian"]
[Result "0-1"]
[WhiteElo "1142"]
[BlackElo "1042"]
[Time "08:30:00"]
[WhiteTeam "TSV Friedland 1814"]
[BlackTeam "TuS Makkabi Rostock"]

1.d4 d5 2.c4 e6 3.Nc3 Nc6 4.cxd5 exd5 5.Bf4 Nf6 6.e3 Bb4 7.Rc1 O-O 8.Bd3 
Re8 9.a3 Bxc3+ 10.Rxc3 Nxd4 11.Bxc7 Qe7 12.Be2 Nxe2 13.Nxe2 Ne4 14.Rc2 Be6
15.O-O Qg5 16.h3 Bxh3 17.Nf4 Be6 18.f3 Ng3 19.Re1 Nf5 20.Qd2 Nh4 21.Qe2 
Rac8 22.Kf2 Re7 23.Bd6 Rxc2 24.Qxc2 Bf5 25.e4 Rxe4 26.fxe4 dxe4 27.Rxe4 
Qd8 28.Re8+ Qxe8 29.Qc7 Qd7 30.g3 Qxc7 31.Bxc7 Ng6 32.Nxg6 Bxg6 33.b4 b5 
34.Ke3 Bf5 35.Kd4 Bd7 36.Kc5 f5 37.Bb8 g5 38.Bxa7 f4 39.gxf4 gxf4 40.Kb6 
f3 41.Ka5 h5 42.Bf2 Kg7 43.Kb6 Kg6 44.Kc5 Kg5 45.Kd4 Kg4 46.Ke3 Bc6 47.Be1
h4 48.Bxh4 Kxh4 49.Kf2 Kh3 50.Kg1 Kg3 51.a4 bxa4 52.b5 Bxb5 53.Kh1 a3 54.
Kg1 a2 55.Kh1 a1=Q# 0-1

[Event "LJEM M-V 2023 u16"]
[Site "Mirow"]
[Date "2023.02.07"]
[Round "6.1"]
[White "Krause, Enrico"]
[Black "Schulz, Bruno Andreas"]
[Result "0-1"]
[WhiteElo "1468"]
[BlackElo "1635"]
[Time "14:30:00"]
[WhiteTeam "Think Rochade - SC HRO"]
[BlackTeam "TuS Makkabi Rostock"]

1.c4 Nf6 2.Nc3 c6 3.e4 d6 4.d4 g6 5.Nf3 Bg7 6.Bd3 Bg4 7.Be3 Nbd7 8.h3 Bxf3
9.Qxf3 O-O 10.O-O Rc8 11.Rfc1 c5 12.d5 Ne5 13.Qe2 a6 14.Rab1 Re8 15.Bc2 
Rb8 16.Ba4 Rf8 17.b4 cxb4 18.Rxb4 Qc8 19.f3 a5 20.Rb3 Qxc4 21.Qxc4 Nxc4 
22.Ba7 Bh6 23.Re1 Ra8 24.Bd4 Rfb8 25.Nb5 Ne8 26.Kf2 Bg5 27.Re2 Kf8 28.Rc2 
Ne5 29.g3 Bf6 30.f4 Nd7 31.Ke3 Bxd4+ 32.Kxd4 Nc5 33.Nc3 Nxb3+ 34.axb3 Nc7 
35.e5 b5 36.exd6 exd6 37.Ne4 Ne8 38.Rc6 Ke7 39.Nxd6 Nxd6 40.Kc5 bxa4 41.
Rc7+ Kd8 42.Kxd6 Ra6+ 43.Rc6 Rxc6+ 44.dxc6 Rxb3 45.c7+ Kc8 0-1

[Event "LJEM M-V 2023 u16"]
[Site "Mirow"]
[Date "2023.02.07"]
[Round "6.2"]
[White "Schott, Andy"]
[Black "Lippitz, Jaden"]
[Result "0-1"]
[WhiteElo "1593"]
[BlackElo "1481"]
[Time "14:30:00"]
[WhiteTeam "SG Güstrow/Teterow"]
[BlackTeam "SG Güstrow/Teterow"]

1.c4 c5 2.g3 d6 3.Bg2 Nf6 4.Nc3 g6 5.e4 Nc6 6.Nge2 e5 7.O-O Bg7 8.d3 O-O 
9.h3 a6 10.Bg5 h6 11.Bd2 Rb8 12.a4 Kh7 13.f4 Bd7 14.g4 Nb4 15.Be3 Qc8 16.
fxe5 dxe5 17.Nd5 Nfxd5 18.cxd5 a5 19.Rc1 b6 20.Ng3 Qe8 21.b3 Qe7 22.Qe2 f6
23.Rfd1 Rfc8 24.Qf2 Na6 25.Qe1 Qd8 26.Bd2 Nb4 27.Bxb4 cxb4 28.Nf1 Bf8 29.
Rxc8 Rxc8 30.Rc1 Rxc1 31.Qxc1 Bc5+ 32.Kh1 Qc8 33.Bf3 Bd4 34.Qc4 f5 35.gxf5
gxf5 36.Qxc8 Bxc8 37.exf5 Bxf5 38.Be4 Kg6 39.Ng3 Bxe4+ 40.dxe4 b5 0-1